Globálna finančná kríza - dôsledky pre budúci vývoj diplomová práca

Na minha lista:
Detalhes bibliográficos
Autor principal: Oravcová, Veronika
Autor Corporativo: Fakulta podnikového manažmentu EU. Katedra podnikových financií
Outros Autores: Bikár, Miloš, 1973-
Formato: Livro
Idioma:eslovaco
Publicado em: Bratislava 2010
Tags: Adicionar Tag
Sem tags, seja o primeiro a adicionar uma tag!

MARC

LEADER 00000nam$a2200000$$$4500
001 0121321
005 20240318122203.0
041 0 |a slo 
044 |a SK 
245 1 0 |a Globálna finančná kríza - dôsledky pre budúci vývoj  |b diplomová práca  |c Veronika Oravcová ; škol. Miloš Bikár 
264 1 |a Bratislava  |c 2010 
300 |a 94 s. 
100 1 |a Oravcová, Veronika 
700 1 |a Bikár, Miloš, 1973- 
710 2 |a Fakulta podnikového manažmentu EU. Katedra podnikových financií